000 00307nam a22001337a 4500
008 170928b xxu||||| |||| 00| 0 eng d
020 _a9781890871536
041 _aeng
080 _a37
100 _a47
101 _aEDU
245 _aLITERACY ASSESSMENT AND INTERVENTION
_cDEVRIES,B.A
942 _2udc
_cBK
999 _c30466
_d30466